000 00725nam a2200241Ia 4500
003 GCL
008 140319s9999 xx 000 0 ara d
040 _aGCL /
_cGCL
082 0 4 _a335.4
_bل ا
100 1 _aراشد البراوى
245 1 0 _aالاستعمار اعلى مراحل الراسمالية /
_cراشد البراوى
700 1 _aلينين، ف 0 ا
300 _a210 ص
490 _aالهيئة العامة للاستعلامات
_v0
650 0 4 _aالاقتصاد
650 0 4 _aالاستعمار
650 0 4 _aالاحتكار
650 0 4 _aالراسمالية
650 0 4 _aالامبريالية
650 0 4 _aالمصارف
650 0 4 _aرؤوس الاموال
942 _2ddc
_cBK
999 _c50813
_d50813